KOHA-Header-6

How Computers Work (Record no. 7943)

000 -LEADER
fixed length control field 00244nam a2200109Ia 4500
100 ## - MAIN ENTRY--AUTHOR NAME
Personal name White,Ron
245 #0 - TITLE STATEMENT
Title How Computers Work
260 ## - PUBLICATION, DISTRIBUTION, ETC. (IMPRINT)
Place of publication New Delhi
Name of publisher BPB
Year of publication 1997
300 ## - PHYSICAL DESCRIPTION
Number of Pages 510
942 ## - ADDED ENTRY ELEMENTS (KOHA)
Koha item type Books
Holdings
Withdrawn status Lost status Collection code Permanent Location Current Location Shelving location Date acquired Full call number Accession Number Koha item type
    Computer Science MAJU MAJU   2019-09-13 005.12 2225 Computer Science

Powered by Koha